কবীর চৌধুরী: বাংলার প্রমিথিউস / (Record no. 28632)
[ view plain ]
| 000 -LEADER | |
|---|---|
| fixed length control field | 00759nam a22001937a 4500 |
| 003 - CONTROL NUMBER IDENTIFIER | |
| control field | BDDh-ASL |
| 005 - DATE AND TIME OF LATEST TRANSACTION | |
| control field | 20231016062619.0 |
| 008 - FIXED-LENGTH DATA ELEMENTS--GENERAL INFORMATION | |
| fixed length control field | 220427s2012 b ||||| |||| 00| 0 b d |
| 040 ## - CATALOGING SOURCE | |
| Transcribing agency | BDDh-ASL |
| 082 ## - DEWEY DECIMAL CLASSIFICATION NUMBER | |
| Classification number | 920.71 |
| Item number | JAK |
| 100 1# - MAIN ENTRY--PERSONAL NAME | |
| 9 (RLIN) | 6139 |
| Personal name | জসীম, প্রত্যয় |
| 245 10 - TITLE STATEMENT | |
| Title | কবীর চৌধুরী: বাংলার প্রমিথিউস / |
| 246 ## - VARYING FORM OF TITLE | |
| Title proper/short title | Kabir Chowdhury: Banglar Promithius. |
| 260 ## - PUBLICATION, DISTRIBUTION, ETC. | |
| Place of publication, distribution, etc. | ঢাকা: |
| Name of publisher, distributor, etc. | রিদম প্রকাশনা সংস্থা, |
| Date of publication, distribution, etc. | ২০১২। |
| 300 ## - PHYSICAL DESCRIPTION | |
| Extent | ৮১ পৃষ্ঠা; |
| Dimensions | ২২ সে.মি. |
| 600 10 - SUBJECT ADDED ENTRY--PERSONAL NAME | |
| 9 (RLIN) | 2101 |
| Personal name | চৌধুরী, কবীর |
| 650 #0 - SUBJECT ADDED ENTRY--TOPICAL TERM | |
| Topical term or geographic name entry element | biographical dictionary - চরিতাভিধান |
| 9 (RLIN) | 4665 |
| 942 ## - ADDED ENTRY ELEMENTS (KOHA) | |
| Source of classification or shelving scheme | Dewey Decimal Classification |
| Koha item type | Books |
| Withdrawn status | Lost status | Source of classification or shelving scheme | Damaged status | Not for loan | Collection code | Home library | Current library | Shelving location | Date acquired | Source of acquisition | Total Checkouts | Full call number | Barcode | Date last seen | Copy number | Price effective from | Koha item type |
|---|---|---|---|---|---|---|---|---|---|---|---|---|---|---|---|---|---|
| Dewey Decimal Classification | Non-fiction | Asiatic Society Library | Asiatic Society Library | Sirajul Islam Collection | 04/27/2022 | Donated by Prof. Sirajul Islam FRHS | 920.71 JAK | 116628 | 04/27/2022 | C-1 | 04/27/2022 | Books |